LIBRARY & INFORMATION CENTRE, KCAET, TAVANUR

ONLINE PUBLIC ACCESS CATALOGUE (OPAC)

Engineering circuit analysis (Record no. 13655)

MARC details
000 -LEADER
fixed length control field 00585cam a2200205 4500
020 ## - INTERNATIONAL STANDARD BOOK NUMBER
ISBN 0070273820
020 ## - INTERNATIONAL STANDARD BOOK NUMBER
ISBN 9780070153851
082 00 - DEWEY DECIMAL CLASSIFICATION NUMBER
Classification number 621.3192
Item number HAY/EN
100 1# - MAIN ENTRY--AUTHOR NAME
Personal name Hayt, William Hart,
245 10 - TITLE STATEMENT
Title Engineering circuit analysis
250 ## - EDITION STATEMENT
Edition statement 7thed.
260 ## - PUBLICATION, DISTRIBUTION, ETC. (IMPRINT)
Place of publication New Delhi
Name of publisher tata McGraw-Hill Education Pvt. ltd
Year of publication 2011
300 ## - PHYSICAL DESCRIPTION
Number of Pages xv, 738 p.
Other physical details illus.
490 0# - SERIES STATEMENT
Series statement McGraw-Hill electrical and electronic engineering series
650 #0 - SUBJECT ADDED ENTRY--TOPICAL TERM
Topical Term Electric circuits.
650 #0 - SUBJECT ADDED ENTRY--TOPICAL TERM
Topical Term Electric network analysis.
700 1# - ADDED ENTRY--PERSONAL NAME
Personal name Kemmerly, Jack E.
700 1# - ADDED ENTRY--PERSONAL NAME
Personal name Durbin, S.M
942 ## - ADDED ENTRY ELEMENTS (KOHA)
Koha item type Books
Holdings
Withdrawn status Lost status Damaged status Collection code Home library Current library Shelving location Date acquired Source of acquisition Cost, normal purchase price Full call number Accession Number Koha item type
      Non-fiction KAUAET KAUAET General Stacks 31/03/2012 Current Books, Thrissur 499.00 621.3192 HAY/EN 22487 Books
free website counter